| 000 | 01165cam a2200205 4500 | ||
|---|---|---|---|
| 001 | ABS68781 | ||
| 008 | 050304n2005 000 0 eng u | ||
| 035 | _a(Sirsi) u128934 | ||
| 041 | _aeng | ||
| 245 | _aR (on the application of Montpeliers and Trevors Association) v Westminster City Council | ||
| 260 | _c2005 | ||
| 490 |
_aEstates Gazette _v[2005] 03 EG 117 (CS)(1) |
||
| 520 | _a[2005] EWHC 16 (Admin), 13 January 2005. Considered the application of a traffic order under the Road Traffic Regulation Act 1984 s9 to regulate the access of traffic to two squares used as rat-runs. M sought a judicial review on the grounds that, "inter alia", the local authority had failed to provide adequate consultation and had applied the consultation procedure in an unfair manner. "Held": the claim was allowed. | ||
| 590 | _aABS | ||
| 650 | _aR V WESTMINSTER LBC EX P MONTPELIERS AND TREVORS ASSOCIATION | ||
| 650 | _aROAD TRAFFIC REGULATION ACT 1984 S9 | ||
| 690 | _aPROPERTY-INFRASTRUCTURE-ROAD INFRASTRUCTURE | ||
| 856 |
_uhttps://www.bailii.org/cgi-bin/markup.cgi?doc=/ew/cases/EWHC/Admin/2005/16.html _zView the judgment at www.bailii.org... |
||
| 942 | _n0 | ||
| 999 |
_c74872 _d74872 |
||